Inicio del comercio británico en Costa Rica /

el artículo es un resumen del cuarto capítulo de un trabajo de investigación sobre las relaciones entre Costa Rica y la Gran Bretaña. El trabajo tiene como finalidad dar a luz una serie de hechos históricos bastante desconocidos, contribuyendo la comprensión y análisis de las relaciones entre Costa...

詳細記述

保存先:
書誌詳細
第一著者: Obregón Quesada, Clotilde María
フォーマット: テキスト
主題:
タグ: タグ追加
タグなし, このレコードへの初めてのタグを付けませんか!

MARC

LEADER 00000 a a2200000 04500
001 14659
003
040
100 |a Obregón Quesada, Clotilde María  
245 |a Inicio del comercio británico en Costa Rica /  |c Clotilde María Obregón Quesada 
520 |a el artículo es un resumen del cuarto capítulo de un trabajo de investigación sobre las relaciones entre Costa Rica y la Gran Bretaña. El trabajo tiene como finalidad dar a luz una serie de hechos históricos bastante desconocidos, contribuyendo la comprensión y análisis de las relaciones entre Costa Rica y Gran Bretaña en la primera mitad del siglo XIX. La autora estudia el interés de ese país por América, su independencia, el comercio, la influencia de los ingleses en el Caribe, la importancia que fue tomando Puntarenas como puerto comercial a partir de 1848, las relaciones comerciales entre los dos países mencionados. Por otro lado se observa los aspectos políticos durante la Federación Centroamericana, así como su fracaso, la economía costarricense de esa época (el tabaco y posteriormente el café), los empréstitos y las crisis económicas.HMBQ/HMBQ  
650 |a PUB.IIS  
650 |a COMERCIO INTERNACIONAL  
650 |a RELACIONES COMERCIALES INTERNACIONALES  
650 |a ASPECTOS POLITICOS  
650 |a TABACO  
650 |a CAFE  
650 |a CREDITO  
650 |a CRISIS  
650 |a HISTORIA  
650 |a EPOCA INDEPENDIENTE  
650 |a COMERCIO  
650 |a EXPORTACIONES  
650 |a IMPORTACIONES  
773 |g número 24; páginas 59-69  
999 |c 23310  |d 23310 
773 0 |0 18728  |9 4443  |a Universidad de Costa Rica.   |d San José, Costa Rica Editorial UCR 1959-  |o 16779  |t Revista de Ciencias Sociales/  |x 04825276